Tribhuvan University Central Library

Forest health and protection (Record no. 40212)

MARC details
000 -LEADER
fixed length control field 007860000a22003250004500
082 ## - DEWEY DECIMAL CLASSIFICATION NUMBER
Classification number 634.96
Item number Ed57f
020 ## - INTERNATIONAL STANDARD BOOK NUMBER
International Standard Book Number 0-07-021338-0
041 ## - LANGUAGE CODE
Language code of text/sound track or separate title Eng
100 ## - MAIN ENTRY--PERSONAL NAME
Personal name Edmonds, Robert L.
100 ## - MAIN ENTRY--PERSONAL NAME
Personal name Agee, James K.
100 ## - MAIN ENTRY--PERSONAL NAME
Personal name Gara, Robert I.
245 ## - TITLE STATEMENT
Title Forest health and protection
260 ## - PUBLICATION, DISTRIBUTION, ETC. (IMPRINT)
Place of publication, distribution, etc Boston
Name of publisher, distributor, etc McGraw-Hill, USA
260 ## - PUBLICATION, DISTRIBUTION, ETC. (IMPRINT)
Date of publication, distribution, etc 2000
300 ## - PHYSICAL DESCRIPTION
Extent xvii, 630p.
Other physical details illus.
440 ## - SERIES STATEMENT/ADDED ENTRY--TITLE
Title McGraw Hill series in forestry
518 ## - DATE/TIME AND PLACE OF AN EVENT NOTE
Date/time and place of an event note 2007-03-06
530 ## - ADDITIONAL PHYSICAL FORM AVAILABLE NOTE
Additional physical form available note M
500 ## - GENERAL NOTE
General note Bibliography at the end of each chapter
536 ## - FUNDING INFORMATION NOTE
Text of note AF
650 ## - SUBJECT ADDED ENTRY--TOPICAL TERM
Topical term or geographic name as entry element Forestry
650 ## - SUBJECT ADDED ENTRY--TOPICAL TERM
Topical term or geographic name as entry element Forest health
650 ## - SUBJECT ADDED ENTRY--TOPICAL TERM
Topical term or geographic name as entry element Forest protection
650 ## - SUBJECT ADDED ENTRY--TOPICAL TERM
Topical term or geographic name as entry element Forest ecology
650 ## - SUBJECT ADDED ENTRY--TOPICAL TERM
Topical term or geographic name as entry element Fire
650 ## - SUBJECT ADDED ENTRY--TOPICAL TERM
Topical term or geographic name as entry element Diseases
650 ## - SUBJECT ADDED ENTRY--TOPICAL TERM
Topical term or geographic name as entry element Root diseases
650 ## - SUBJECT ADDED ENTRY--TOPICAL TERM
Topical term or geographic name as entry element Entomology
942 ## - ADDED ENTRY ELEMENTS (KOHA)
Koha item type General Collections
Holdings
Withdrawn status Lost status Source of classification or shelving scheme Damaged status Not for loan Home library Current library Shelving location Date acquired Total Checkouts Full call number Barcode Date last seen Price effective from Koha item type
    Dewey Decimal Classification     Tribhuvan University Central Library Tribhuvan University Central Library New Building 06/20/2010   634.96 Ed57f G64560 06/20/2010 06/20/2010 General Collections